| 000 | 00783nam a2200181Ia 4500 | ||
|---|---|---|---|
| 008 | 151018s9999 xx 000 0 und d | ||
| 082 |
_bRBASDV6221 _a891.463 |
||
| 100 | _aसदाशिव आठवले | ||
| 245 | _aपरीपरीचे प्रियकर तर्हेतर्हेचे प्रिया | ||
| 250 | _b1 | ||
| 260 |
_bसुरस ग्रंथमाला _c1963 |
||
| 300 | _a107 | ||
| 600 | _aसदाशिव आठवले | ||
| 630 | _aपरीपरीचे प्रियकर तर्हेतर्हेचे प्रिया | ||
| 700 | _aसदाशिव आठवले | ||
| 730 | _aपरीपरीचे प्रियकर तर्हेतर्हेचे प्रिया | ||
| 942 | _cBOOK | ||
| 999 |
_c1008599 _d1008596 |
||